La cultura del conflicto : las diferencias interculturales en la práctica de la violencia /
Aquí se ofrece una explicación teórica de las diferencias inteculturales ante el tema del conflicto. El autor, especialista en ciencias políticas, propone que para explicar por qué algunas sociedades son especialmente dadas al conflicto y otras, en cambio son más pacífias, es necesario considerar lo...
Gespeichert in:
| 1. Verfasser: | |
|---|---|
| Format: | Buch |
| Sprache: | Spanisch |
| Veröffentlicht: |
Barcelona, España :
Paidós,
1995, c1995
|
| Schriftenreihe: | (Paidós Estado y Sociedad ;
28) |
| Schlagworte: | |
| Tags: |
Keine Tags, Fügen Sie das erste Tag hinzu!
|
MARC
| LEADER | 00000nam^a2200000^a^4500 | ||
|---|---|---|---|
| 001 | 000260092 | ||
| 005 | 20250521000000.0 | ||
| 009 | 20260310110426.58 | ||
| 020 | |a 84-493-0166-1 | ||
| 037 | |a Acervo Xavier Clavigero | ||
| 041 | |a ESP | ||
| 082 | |a 303. 6 |b ROS | ||
| 100 | |a Ross, Marc Howard |e (autor) | ||
| 245 | 1 | 3 | |a La cultura del conflicto : |b las diferencias interculturales en la práctica de la violencia / |c M.H. Ross ; tr. por José Real Gutiérrez. |
| 264 | 4 | |a Barcelona, España : |b Paidós, |c 1995, c1995 | |
| 300 | |a 317 p. | ||
| 336 | |a texto |b txt |2 rdacontenido | ||
| 337 | |a sin mediación |b n |2 rdamedio | ||
| 338 | |a volumen |b nc |2 rdasoporte | ||
| 440 | 1 | |a (Paidós Estado y Sociedad ; |v 28) | |
| 500 | |a Traducción de: The Culture of Conflict. Interpretations and Interests in Comparative Perspective | ||
| 520 | |a Aquí se ofrece una explicación teórica de las diferencias inteculturales ante el tema del conflicto. El autor, especialista en ciencias políticas, propone que para explicar por qué algunas sociedades son especialmente dadas al conflicto y otras, en cambio son más pacífias, es necesario considerar los intereses socioestructurales y las disposiciones psicoculturales de los grupos sociales en cuestión. | ||
| 649 | |a XX | ||
| 650 | |a Minorías | ||
| 650 | |a Violencia | ||
| 650 | |a Tolerancia e Intolerancia | ||
| 650 | |a Interacción Social | ||
| 650 | |a Conflicto Social | ||
| 650 | |a Problemas Sociales | ||
| 650 | |a Conflicto Social | ||
| 650 | |a Diferencia y Otredad | ||
| 650 | |a Identidad Cultural | ||
| 650 | |a Psicología Social | ||
| 650 | |a Sociología | ||
| 910 | |a Fondo General | ||
| 920 | |a Impresos - Libros | ||
| 930 | |a Colección General | ||
| 905 | |a 101 | ||
| 901 | |a 0500124643 |b IT1 |c ACC |u 20250521 | ||
| 902 | |a https://opac.biblio.iteso.mx/vufind/Record/000260092 | ||